00665nam a2200241 a 4500001001300000003000900013005001700022008004100039020001200080082001500092100002100107245002100128260003200149300000900181500003500190505001000225650001000235700002100245902000800266942000700274952012700281999001500408nice12345678IN_TiNIC20260116011528.0050524s1959 lona grp 000 0 eng  ac508.800a234.1bWAT aWatson, Philip S aConcept of Grace aLondonbEpworth Pressc1959 a116p aincludes index and biblioraphy2 aIndex aGrace1 aWatson, Philip S bSRS cBK 001040708StackRoom-aHMIbHMId2007-06-20g508.80l2o234.1 WATp02538r2022-10-03s2022-09-28v508.80w2005-05-24yBK c2352d2352